Statistics for Countries with the most bicycles

Click here to take the quiz!

General Stats

  • This quiz has been taken 54 times
  • The average score is 9 of 10

Answer Stats

Bike rider percentageCountry% Correct
37%China
96%
99%Netherlands
96%
75%Germany
94%
63%Sweden
92%
60%Norway
90%
48%Belgium
88%
60%Finland
88%
80%Denmark
86%
56%Japan
78%
48%Switzerland
65%

Score Distribution

Percentile by Number Answered

Percent of People with Each Score

Your Score History

You have not taken this quiz